000 00661nam a22002297a 4500
003 UA-OsUOA
001 131704
007 ta
008 20180612b un ||||| |||| 00| 0 ukr d
100 _aВозняк М.
090 _a82.09(477)
_bВ64
942 _cBK
040 _aUA-OsUOA
_bukr
_cUA-OsUOA
_dUA-OsUOA
245 _aВелетень думки і праці
_bшлях життя і боротьба Івана Франка
300 _a402 с.
955 _a2
041 _aukr
080 _a82.09(477)
260 _aК.
_bХІд. літ.
_c1958
650 7 _a82 Література. Літературознавство
_2UDC
999 _c420038
_d420038